|
|
|
|
| LEADER |
00000nam2a2200000 4500 |
| 001 |
75855 |
| 005 |
20231031091150.0 |
| 010 |
|
|
|a 5947290499
|
| 035 |
|
|
|a (RuTPU)RU\TPU\book\80955
|
| 090 |
|
|
|a 75855
|
| 100 |
|
|
|a 20050404d2004 k y0rusy50 ca
|
| 101 |
0 |
|
|a rus
|
| 102 |
|
|
|a RU
|
| 105 |
|
|
|a ac z 001zy
|
| 200 |
0 |
|
|a Т. 1: Предыстория. Зарождение
|
| 210 |
|
|
|d 2004
|
| 215 |
|
|
|a 340 с.
|c ил., портр.
|
| 320 |
|
|
|a Библиогр.: с. 326-333
|
| 461 |
|
1 |
|0 (RuTPU)RU\TPU\book\94835
|t К созданию теории палеобиосферного времени
|o в 3 т.
|f К. В. Симаков
|v Т. 1: Предыстория. Зарождение
|d 2004-
|
| 610 |
1 |
|
|a историческая геология
|
| 610 |
1 |
|
|a стратиграфия
|
| 610 |
1 |
|
|a геологическое время
|
| 610 |
1 |
|
|a концепция Ньютона
|
| 610 |
1 |
|
|a концепция Вернадского
|
| 610 |
1 |
|
|a античность
|
| 610 |
1 |
|
|a средневековье
|
| 610 |
1 |
|
|a естествознание
|
| 610 |
1 |
|
|a религия
|
| 610 |
1 |
|
|a концепция Стенона
|
| 610 |
1 |
|
|a концепция Гука
|
| 610 |
1 |
|
|a теология
|
| 610 |
1 |
|
|a эмбрионально-научные теории
|
| 610 |
1 |
|
|a концепция Бюффона
|
| 610 |
1 |
|
|a концепция Геттона
|
| 610 |
1 |
|
|a концепция Ламарка
|
| 610 |
1 |
|
|a античные теологи
|
| 610 |
1 |
|
|a античные натуралисты
|
| 675 |
|
|
|a 550.93
|v 3
|
| 675 |
|
|
|a 551.7
|v 3
|
| 801 |
|
1 |
|a RU
|b 63413507
|c 20050404
|g PSBO
|
| 801 |
|
2 |
|a RU
|b 63413507
|c 20051227
|g PSBO
|
| 942 |
|
|
|c BK
|